000 01048cam a2200313 i 4500
001 14295589
003 EG-ScBUE
005 20241215121853.0
008 060310s2012 enka f b f001 0 eng d
020 _a9780521563987
040 _aUKM
_beng
_erda
_cUKM
_dBAKER
_dBWKUK
_dDLC
_dEG-ScBUE
082 0 4 _a523.1
_bMUK
_222
100 1 _aMukhanov, V. F.,
_eauthor.
_938103
245 1 0 _aPhysical foundations of cosmology /
_cViatcheslav Mukhanov, Ludwig-Maximilians-Universitat Munchen.
250 _aThird printing.
264 1 _aCambridge ;
_aNew York :
_bCambridge University Press,
_c2012.
300 _axix, 421 pages :
_billustrations ;
_c25 cm
336 _2rdacontent
_atext
_btxt
337 _aunmediated
_2rdamedia
_bn
338 _avolume
_bnc
_2rdacarrier
504 _aIncludes bibliographical references and index.
650 7 _aCosmology.
_2BUEsh
650 7 _aInflationary universe.
_2BUEsh
650 7 _aQuantum theory.
_2BUEsh
651 _2BUEsh
653 _bENGGEN
_cMay2015
655 _vReading book
_934232
942 _2ddc
_cBB
999 _c19449
_d19421